[Event "Sharjah FIDE GP"]
[Site "Sharjah"]
[Date "2017.02.25"]
[Round "7"]
[White "Li, Chao B"]
[Black "Eljanov, Pavel"]
[Result "1-0"]
[WhiteElo "2720"]
[BlackElo "2759"]
[Annotator "Yermolinsky,A"]
[PlyCount "91"]
[EventDate "2017.02.18"]
[EventType "swiss"]
[EventRounds "9"]
[EventCountry "UAE"]
[SourceTitle "CBM 177"]
[Source "ChessBase"]
[SourceDate "2017.03.16"]
[SourceVersion "1"]
[SourceVersionDate "2017.03.16"]
[SourceQuality "1"]

1. d4 Nf6 2. c4 e6 3. Nf3 b6 4. a3 {It is nice to see a player of the new
generation upholding the tradition of Petrosian and Kasparov.} Bb7 5. Nc3 d5 6.
cxd5 Nxd5 7. e3 {This is what Garry started with} ({but later he switched to} 
7. Qc2) 7... Be7 ({Earlier in the tournament Li Chao faced} 7... g6 {against
Tomashevsky and won the game in impressive fashion.} 8. h4 $5 Bg7 9. h5 {
was how he started it up.}) 8. Bb5+ c6 9. Bd3 c5 $5 ({In reply to the more
common} 9... O-O {White intends to provoke a small kingside weakening with} 10.
Qc2 h6 {before settling on a standard plan with} 11. e4 {etc.}) 10. O-O ({
White can try to change track with} 10. Nxd5 {which was seen in a
Kasparov-Karpov blitz game from 2006} {There followed} Bxd5 (10... Qxd5 11. e4
Qd7 12. dxc5 bxc5 {is similar}) 11. dxc5 bxc5 $1 {Black would rather accept
some small structural damage} ({than give White a leg up in development after} 
11... Bxc5 12. b4 Be7 13. Bb2 $14) 12. O-O O-O 13. Qc2 h6 14. e4 ({Karpov
himself was content to play} 14. Bd2 {against Najdorf back in 1982.}) 14... Bb7
15. Be3 Nd7 ({more direct and challenging would be} 15... Nc6 16. Rfd1 Nd4) {
and here Garry would have been better off sacrificing a tempo with} 16. Bf4 ({
rather than allowing Karpov to get back on the right track after} 16. Nd2 Ne5
17. Be2 Nc6 $11)) ({Meanwhile, nothing stops White from following the tried
and tested} 10. e4 Nxc3 11. bxc3 {although in this move order the black K-side
pawns will remain intact.}) 10... cxd4 11. exd4 {Seemingly Black should be
alright here because he has already managed to fianchetto his light-squared
bishop without walking into d4-d5 along the way.} Nd7 (11... Nc6 12. Re1 O-O
13. Bc2 Nf6 14. Qd3 g6 15. Bh6 Re8 16. Rad1 {is a classic Isolated Queen Pawn
tabiya.}) 12. Qe2 O-O ({There's absolutely nothing wrong with} 12... Nxc3 13.
bxc3 Qc7) 13. Ne4 N5f6 14. Nc3 {Perhaps Eljanov read his opponent's intentions
incorrectly. I don't think Li Chao meant to finish the game with a repetition.
Not after suffering a crushing loss to Nepo the day before.} Qc7 {This shows
Pavel's fighting spirit. He knew this game was his last chance to get back in
the hunt for top places.} ({Theoretically speaking, Black can ask White the
same question,} 14... Nd5 {how are you going to proceed now?} {I'd expect} 15.
Rd1 Nxc3 16. bxc3 Qc7 {etc.}) ({Also interesting is} 14... a6 {trying to
expand on the queenside in the spirit of the Queen's Gambit Accepted}) 15. Bg5
$1 {White is fortunate to have this reply, which only looks like a blunder.} h6
({So, what's the deal with a typical tactical idea} 15... Ng4 {which often
works in similar positions? Here White has the answer.} 16. Nb5 $1 Qb8 (16...
Qd8 {is a better option, but White is happy to play} 17. Bf4) {and now he
lands a body blow in} 17. Bxh7+ $1 Kxh7 (17... Kh8 18. Be4 Bxe4 19. Qxe4 Bxg5
20. Qxg4 $16) 18. Qd3+ Kg8 19. Bxe7 Bxf3 20. Bd6 {and takes home a full point.}
) 16. Bh4 {That bishop manages to circle around to cover h2.} Qf4 $6 {The
beginning of an unfortunate plan.} ({Pavel could have handled White pressure
on the queenside better by keeping his queen closer to home, as in} 16... Rfc8
17. Bg3 Qd8 18. Ba6 Bxa6 19. Qxa6 Nb8) ({Another option was the provocative} 
16... Bd6 $5 17. Nb5 ({of course,White can be reasonably happy just to play} 
17. Bg3) 17... Bxf3 18. Qxf3 Bxh2+ 19. Kh1 Qf4 20. Bxf6 Nxf6 21. Qh3 {It looks
like the black pieces are stuck, but there comes} Ng4 $1 22. f3 Nf2+ 23. Rxf2
Qe3 24. Kxh2 Qxf2 {and Black will have his chances. In order to play this way
one has to have supreme confidence in one's ability to calculate variations,
which is currently not the case with Pavel after his bad finish at the Tata
Steel.}) 17. Bg3 Qg4 18. Ba6 $1 {Not by the book, but, nevertheless, very
strong. True, in most IQP structures White aims for a K-side attack and
therefore never looks to trade his light-squared bishop. Here, however, the
black queen is out there somewhere taking an early vacation, while White's Bg3
dominates its diagonal. Very good insight from Li Chao.} Bxa6 19. Qxa6 Qf5 20.
Rac1 {One last preparatory move is needed.} (20. Qb7 Qc2 {gives Black some
much-needed counterplay.}) 20... Qa5 $2 {Pavel's game is really off now.} ({
On a better day we can expect him to come up with a pawn sac:} 20... Nd5 21.
Nxd5 Qxd5 22. Rc7 Bd8 $1 23. Rxa7 Rxa7 24. Qxa7 b5 {with good chances to hold.
At least his pieces would be fully employed.}) 21. Qb7 $1 {It is impossible
for Black to chase that queen away or trade it.} Rfe8 22. Nd2 Bf8 (22... Nf8
23. Be5 $1 {suddenly traps the black queen.}) 23. h3 Qf5 24. Nc4 a6 {This only
exposes the black queenside pawns as targets, but Pavel's decision is
understandable. One has to play something, follow some kind of plan. It just
happens that there's no good plan here.} 25. Rfd1 b5 26. Ne3 Qh5 27. Bc7 {
White completely dominates the black rooks.} Qg6 {The eternal wanderer... What
wouldn't Black give to be able to return her to c8?} 28. b4 Nh5 29. Ne2 Ndf6
30. Rc6 Qg5 31. Be5 {In Eljanov's time trouble Li's play became tentative.
Clearly he couldn't decide between the many good options at his disposal.} ({
The best was the cold-blooded} 31. Nc3 $1 {tempting Black into the last bid
for activity} Nf4 {which gets turned back by} 32. h4 Qxh4 33. g3 Nh3+ 34. Kg2
Qh5 35. Rh1) ({Pavel was inviting} 31. Rxa6 Rxa6 32. Qxa6 Nd5 33. Nxd5 Qxd5 {
as he was desperate for counterplay.} {In reality he wouldn't be getting much
in the event of} 34. Nc3 Ra8 35. Qxb5 Qb3 36. Qxh5 Qxc3 37. Bb6 Qxa3 38. Bc5 {
but still, Black fights on.}) 31... a5 $1 {Finally.} 32. Qxb5 (32. Ra6 Rxa6 33.
Qxa6 axb4 34. axb4 Nd7 35. Qxb5 Nhf6 {would have also been somewhat
troublesome as far as converting White's extra pawn goes.}) 32... axb4 33. axb4
Ra2 $1 ({Black might think he's almost off the hook:} 33... Reb8 34. Qd3 Rxb4 {
but then} 35. g4 $1 {was Li's hidden idea, and the Nh5 will be gone in a
couple of moves.}) 34. Rc2 Rea8 35. Rxa2 $2 {He should have never let the
black rook on to the 2nd rank.} (35. Qc6) 35... Rxa2 36. Qc4 Rb2 37. b5 Nd5 $2
{A big error just when Black was suddenly back in the game.} ({The salvation
was possible:} 37... Nd7 {attacking the bishop that cannot leave because of
the b-pawn.}) 38. Nxd5 exd5 39. Qd3 {White is back in the driver's seat.} Qg6
40. Qxg6 fxg6 41. Nc3 Rb3 42. Rc1 (42. Rb1 {was more decisive.}) 42... Ba3 {
Now Li gets another chance to find the right idea.} 43. Rb1 $1 {Here it is!}
Rxc3 44. b6 Nf6 45. b7 Nd7 46. Rb5 $1 {White will get the knight and keep his
b-pawn while he's at it.} 1-0

[Event "EU-Cup 14th final"]
[Site "Belgrade"]
[Date "1999.01.12"]
[Round "2"]
[White "Khenkin, Igor"]
[Black "Yudasin, Leonid"]
[Result "1/2-1/2"]
[WhiteElo "2600"]
[BlackElo "2550"]
[Annotator "Yudasin,L"]
[PlyCount "83"]
[EventDate "1999.01.11"]
[EventType "team-k.o."]
[EventRounds "3"]
[EventCountry "YUG"]
[SourceTitle "EXT 2020"]
[Source "ChessBase"]
[SourceDate "2019.10.17"]
[SourceVersion "1"]
[SourceVersionDate "2019.10.17"]
[SourceQuality "1"]
[WhiteTeam "Gorzow Stilon Welkopolski"]
[BlackTeam "Petah-Tikva Elitzur"]
[WhiteTeamCountry "POL"]
[BlackTeamCountry "ISR"]

1. d4 {Atlas,V. Tyomkin,D} Nf6 2. c4 e6 3. Nf3 b6 4. a3 Ba6 5. Qc2 Bb7 6. Nc3
c5 7. e4 (7. dxc5 {In this very popular line in last years were proved that
white can not get any advantage.} bxc5 ({or} 7... Bxc5)) 7... cxd4 8. Nxd4 d6 (
8... Bc5 {is the popular variation where Black plays in the center after} 9.
Nb3 Nc6 10. Bg5 d6 {[%cal Gh7h6,Ge6e5] /\h6,e5}) (8... Nc6 {[%csl Yd4,Ye5,Yf2]
is a better try to get counterplay over black squares in the center.}) 9. Be2
a6 {keeping choice to move knight to c6 or d7} 10. Be3 {Another strategy is
0-0 and than f4-f5.} Nbd7 (10... Be7 {[%cal Ge8g8,Yb8c6,Yf6d7] continuing with
0-0, Nfd7and Nc6 - was more carefully.}) 11. g4 $1 h6 (11... d5 12. exd5 exd5
13. g5 $1 dxc4 14. gxf6 $1 Bxh1 15. O-O-O Bb7 16. fxg7 Bxg7 17. Nf5 {[%csl Re8]
getting a decisive attack.}) 12. O-O-O Rc8 $1 {[%csl Rc4][%cal Gd7e5,Gb6b5]
preparing Ne5 and b5.} (12... Be7 13. f4 {[%cal Gh2h4,Yg4g5] /\h4 and g5.} (13.
h4 $5)) 13. f4 $1 g6 $1 $146 {[%mdl 8] Atlas,V: 'This move, which is intended
against further advancement of g-pawn and prepares Bishop's fianchetto,
provokes White immediately. to take on the offensive. Yet it means for White
to burn his bridges.'} (13... e5 14. Nf5 {[%cal Gg4g5,Yg5g6] /\g5-g6}) (13...
Qc7 14. Kb1 Nc5 15. Bf3 b5 16. g5 hxg5 17. fxg5 Nfd7 18. cxb5 Ne5 19. bxa6 Bxa6
$44 20. Be2 Bxe2 21. Qxe2 Be7 22. h4 O-O 23. h5 Qb7 24. Bc1 Nb3 25. Qb5 {
1/2-1/2 Khalifman,A-Pogorelov,R/Seville open(5) 1993 (25)}) 14. e5 {[%mdl 512]}
(14. Rhf1 {Very sharp and complicative position is getting after:} e5 $1 15.
Nb3 b5 (15... exf4 16. Bxf4 Qc7) 16. cxb5 Nxe4 ({anything clear after:} 16...
Bxe4 17. Bd3 Nxg4 18. Bg1) 17. bxa6 Nxc3 18. bxc3 Ba8) ({But during the game I
was afraid of:} 14. Nxe6 fxe6 15. e5 $1 {[%cal Rc2g6] threating Qxg6 and exd6
mate!} Kf7 $1 (15... dxe5 16. Qxg6+ Ke7 17. fxe5 (17. g5 hxg5 18. fxg5 Qe8 $1 (
18... Rg8 {Atlas,V} 19. gxf6+ Nxf6 20. Rxd8 Rxd8 (20... Rxg6 21. Rxc8 Bxc8 22.
Bxb6) 21. Rg1 Rxg6 22. Rxg6 $14 {[%cal Yh2h4]}) 19. gxf6+ Nxf6 20. Qxe8+) 17...
Qe8 (17... Nxe5) 18. Qxe8+ {this ending at least better for white.}) 16. Rhf1 (
16. exf6 Bxh1 17. Rxh1 Qxf6) 16... Ne8 17. Bd3 Kg8 $1 {We couldn't evaluate
this position even in the post-game analyse. White has just a pawn for a piece,
but black's king is in danger. In my opinion in this position I could fill
more comfortable than a solid player like Khenkin.}) 14... Bxh1 (14... dxe5 15.
Nxe6 (15. fxe5 Nxe5 (15... Bxh1 16. exf6 Bc6 17. Nxe6 Qxf6 18. Nxf8 $44) 16.
Nxe6 Qe7 17. Nxf8 Bxh1 18. Rxh1 (18. Nxg6 Nxg6 {attacking on e3}) 18... Kxf8 {
still doesnn't lead to equality.}) 15... fxe6 (15... Qe7 16. Nxf8 Bxh1 $2 17.
Nxd7) 16. Qxg6+ {leading to the better ending for white.}) 15. exf6 (15. Nxe6
Qe7 16. Nxf8 Kxf8 {[%csl Re3] and because of unprotected B white has to play:}
17. Rxh1 dxe5 {with not enough compensation.}) 15... Bb7 ({worse is} 15... Bc6
16. g5 (16. Nxe6 $1 Qxf6 17. Nxf8) 16... hxg5 17. fxg5 Ne5 18. Bf4 Qc7 {
black cannot get counterplay because of the passive pieces - white's attack
cost more than an exchange.}) 16. Nxe6 $1 {[%mdl 64]} (16. g5 $6 hxg5 17. fxg5
Ne5 $36) 16... Qxf6 17. Bd4 $2 {[#]This logical move actually leads to...
losing position!} (17. Nxf8 Kxf8 18. Qd2 $1 (18. Bd4 $2 Qxf4+) ({or} 18. Kb1)
18... Nc5 19. Kc2 {[%csl Ge3,Rh8] And Be3 will be better than Rh8 for a long
time.}) 17... Ne5 $3 {Look how many pieces of both sides are under attack!} (
17... Qxe6 18. Bxh8 ({Both opponents thought that dangerous:} 18. f5 gxf5 (
18... Qe7 {Atlas,V} 19. Bxh8 $40) 19. gxf5 Qe7 20. Bxh8 {but both missed:} f6
$1 21. Bh5+ Kd8 22. Bg6 Rxc4) 18... Qe3+ 19. Kb1 (19. Qd2 Qxd2+ 20. Rxd2 f6 21.
g5 $11) 19... Qxf4 $132) 18. fxe5 dxe5 (18... Qxe6 $6 19. exd6 {[%cal Gd4b6] /
\Bxb6}) 19. Qa4+ (19. Nxf8 exd4 20. Nd7 (20. Ne4 Qf4+ {[%cal Ge8f8] /\Kxf8}) (
20. Nxg6 fxg6 {[%cal Ge8g8,Yb6b5] /\0-0,b5}) 20... Kxd7) 19... Bc6 $1 ({
While playing 17.Bd4 Khenkin prepared the beautiful combination after:} 19...
b5 20. Nxb5 $1 axb5 21. Qxb5+ Bc6 22. Qxe5 (22. Nc7+ {Atlas,V} Rxc7 23. Qb8+
Qd8 24. Qxd8+ Kxd8 25. Bxe5+ $18) 22... Qxe5 23. Bxe5 Rg8 24. Nxf8 $18) 20.
Qxa6 Qxe6 21. Bxe5 Bc5 $3 {Atlas,V: 'Arresting White's queen which will be
lost after Rc8-a8. In an ensuing endgame Black has good chances to convert his
material advantage into full point.'  That's the point! Otherwise black is
hopeless.} (21... Rg8 {Atlas,V} 22. Nd5 Bxd5 23. Rxd5 $44) 22. Bxh8 (22. Nd5
O-O $1 23. Nf6+ Kh8 24. Nd7+ f6 25. Bxf6+ Kg8 26. Nxf8 Rxf8 {[%csl Re2,Rf6]
[%cal Rf8a8] /\Ra8,xBe2,Bf6}) 22... Ra8 23. Qxa8+ (23. Nb5 Qe3+) (23. Nd5 Bxd5
24. cxd5 (24. Qb5+ Bc6 25. Qb3 Qxe2 $19) 24... Qe3+ {'-/+' Atlas,V.} 25. Kb1
Rxa6 $19) 23... Bxa8 24. b4 {[%mdl 5120] Of course, this ending is winning for
black. But suddenly white gets a counterplay against the black king. Khenkin
uses his chances and saves the game. In this moment I lost concentration -
thinking that to win in this position is an easy job.} Be3+ (24... Bd6 25. c5
bxc5 (25... Be5 26. Bb5+ Ke7 27. Rd7+ Qxd7 28. Bxd7 Bxh8 29. Na4 $1) 26. Bb5+ (
26. b5 $5 $19) 26... Ke7 27. bxc5 Bxc5 28. Rd7+ Qxd7 29. Bxd7 Bxa3+ $17) 25.
Kb2 f6 26. c5 $1 bxc5 27. Bb5+ Bc6 (27... Kf7 $143 28. Rd7+ Kg8 29. Rd8+ Kh7
30. Rxa8 (30. Rd7+ Kxh8 31. Rd8+ Kg7 32. Rd7+) 30... cxb4 31. axb4 Bd4 32. Re8)
28. Bxc6+ Qxc6 29. Re1 Qg2+ (29... Qf3 $142 $1 30. bxc5 (30. Nd1 Qg2+ 31. Kb3
Qd2 32. Rxe3+ Kf7 $19) 30... Kf7 31. Bxf6 {almost like in the game, but with
better edition for black.}) 30. Re2 Qf3 31. bxc5 (31. b5 $4 Kf7 32. Bxf6 Bd4 $1
) 31... Kf7 32. Bxf6 $1 {'[]' Atlas,V. Using tactics.} Bxc5 (32... Kxf6 33.
Rxe3 Qxg4 {[%csl Ga3,Gc5] o^a,c} (33... Qxe3 $4 34. Nd5+)) 33. Be5 Qxg4 34. a4
$2 $138 (34. Re4 $1 Qc8 $1 35. a4 Qb7+ 36. Kc2 Bb4 37. Rc4 Ke6 $17) 34... h5 $2
(34... Bb4 35. Kb3 (35. Rf2+ Ke6 36. Bg7 Bxc3+ 37. Kxc3 Qxa4 $17) 35... Ba5 {
Not letting white to get counterplay.Black is still sleeping!} (35... Bxc3 {
Atlas,V} 36. Rf2+ Ke7 37. Bxc3 Qe6+ 38. Ka3 (38. Kc2 Qa2+) 38... Qe3 39. Rc2
Kd6 $17)) (34... Bd4 $5 {Atlas,V} 35. Bxd4 Qxd4 {also looks good for Black.})
35. Re4 $1 Qg2+ $2 {[%cal Ga4a5,Ye4a4] Letting white to push a5 and Ra4.} (
35... Qc8 $1 36. a5 Qa6 37. Ra4 g5) (35... Qg1) 36. Kb3 g5 (36... Bb6 37. Rb4
Ba5 38. Rb5) 37. a5 h4 38. a6 {Atlas,V: 'This pawn proves to be not less
dangerous than its Black's pawns on the K-side. Taking into account, that
White's pieces which are well-placed and efficiently protect each other, it is
not surprising that White finds a possibility to escape.'} g4 $2 {I thought
that my queen already on g1 and controls the a7-square (tyring after a
complicative game?).} ({Also after:} 38... Qg1 {white has chances to save the
game} 39. Ra4 Ba7 40. Nb5 (40. Rb4)) 39. Bd6 $3 {Atlas,V: 'This move rescues
White.'  A nice combination! The queen is so deep out of the game, that after
39...Bxd6 40.a7 there is no way to stop the a-pawn.} Bg1 40. a7 Bxa7 41. Re7+
Kg6 (41... Kf6 {Atlas,V} 42. Rxa7 (42. Ne4+ $143 Kf5 43. Re5+ Kf4 44. Ng5 Qc6 (
44... h3 $5) 45. Re6+ Kf5 46. Re5+ Kg6 47. Re6+ Kh5 $19) 42... g3 $11) 42. Re6+
$1 ({Last trap was passed by Khenkin} 42. Rxa7 Qc6 $1 43. Bb4 (43. Bc7 g3 44.
hxg3 h3 45. g4 h2 46. Bxh2 Qb6+) 43... g3 44. hxg3 h3 45. Ra2 Qe6+ 46. Ka3
Qxa2+ $1 47. Nxa2 h2 {[%cal Ga3a2,Ga2d4,Gb4b2] White gets draw if he puts
drawing stand-Ka2(b1),Bb2,Nd4}) 1/2-1/2

[Event "Alushta op"]
[Site "Alushta"]
[Date "1994.??.??"]
[Round "?"]
[White "Tregubov, Pavel V"]
[Black "Zagrebelny, Sergey"]
[Result "0-1"]
[WhiteElo "2495"]
[BlackElo "2510"]
[Annotator "Zagrebelny,S"]
[PlyCount "83"]
[EventDate "1994.??.??"]
[EventType "swiss"]
[EventRounds "7"]
[EventCountry "UKR"]
[SourceTitle "CBM 042"]
[Source "ChessBase"]
[SourceDate "1994.10.01"]
[SourceVersion "1"]
[SourceVersionDate "1994.10.01"]
[SourceQuality "1"]

1. d4 Nf6 2. Nf3 e6 3. c4 b6 4. a3 d5 5. Nc3 Be7 6. Qc2 Bb7 7. cxd5 exd5 8. g3
O-O 9. Bg2 Nbd7 (9... c5 $5 10. O-O Nc6) 10. O-O c5 11. Rd1 (11. Bf4 Rc8 12.
Rad1 $6 (12. Bh3 $5 Ne4 13. Rfd1 cxd4 14. Nxd4 Bf6 $10) 12... Ne4 13. dxc5 Rxc5
14. Be3 Rc7 15. Bd4 Bf6 16. Qc1 Nxc3 17. bxc3 Nc5 $15 {Shirov,A-Epishin,V/Biel
izt/1993/0,5 (70)}) 11... Rc8 12. Qf5 g6 13. Qh3 Re8 14. Bg5 (14. Ne5 $2 cxd4
15. Nxd7 dxc3 $17) (14. dxc5 bxc5 15. Bg5 (15. Ng5 Nf8 $17) 15... Nb6 16. Ne1
Rc7 $10) (14. Bf4 $5) 14... c4 $1 15. Ne5 Nf8 16. Bxf6 Bxf6 17. Ng4 (17. f4 $5
Bg7 18. Bf3 h5 $132) 17... Bg7 18. Nh6+ (18. Ne3 Ne6 19. Nexd5 Nxd4 $15) 18...
Bxh6 19. Qxh6 a6 $10 (19... Bc6 $2 20. e4 dxe4 21. d5 $36) 20. e4 $6 (20. h4 $5
) 20... dxe4 21. d5 f5 22. g4 Rc7 $5 (22... b5 23. gxf5 gxf5 24. Bh3 Re5 25.
Kh1 $132) 23. gxf5 gxf5 24. Qxb6 Rg7 25. Qxd8 Rxd8 26. Kh1 Ng6 $1 $17 27. Bh3
Bc8 $1 28. Rab1 $2 (28. Rd4 Nf4 (28... Ne5 $1 $17) 29. Bf1 Rd6 (29... Nd3 $2
30. Bxd3 cxd3 31. f3 $14) 30. Rxc4 Bd7 31. Rc7 Rdg6 32. h3 $13) 28... Nf4 29.
Bf1 Rd6 $1 $19 30. Bxc4 Nh3 31. Rf1 $8 Rdg6 {/\ 32...Rg1 33.Rg1 Nf2#} 32. Ne2
$8 f4 33. d6+ Kf8 34. Ng3 Bb7 $1 35. Rbd1 e3+ 36. Bd5 Nxf2+ (36... Rxd6 $1) 37.
Rxf2 Bxd5+ 38. Rxd5 exf2 39. Rf5+ Rf7 40. d7 Rd6 41. Rxf7+ Kxf7 42. Nf1 (42.
Nf1 f3 $19) 0-1

[Event "Cappelle op 27th"]
[Site "Cappelle la Grande"]
[Date "2011.03.05"]
[Round "9"]
[White "Zakhartsov, Viacheslav V"]
[Black "Brynell, Stellan"]
[Result "1/2-1/2"]
[WhiteElo "2602"]
[BlackElo "2492"]
[Annotator "Zakhartsov,Vi"]
[PlyCount "82"]
[EventDate "2011.02.26"]
[EventType "swiss"]
[EventRounds "9"]
[EventCountry "FRA"]
[SourceTitle "CBM 141"]
[Source "ChessBase"]
[SourceDate "2011.03.17"]
[SourceVersion "1"]
[SourceVersionDate "2011.03.17"]
[SourceQuality "1"]

1. d4 e6 2. c4 Nf6 3. Nf3 b6 4. a3 Bb7 5. Nc3 d5 6. cxd5 Nxd5 7. Qc2 Nxc3 8.
bxc3 c5 9. e4 Nd7 10. Bf4 cxd4 11. cxd4 Rc8 12. Qb3 Be7 13. Bd3 Nf6 14. Qb5+
Qd7 15. Ne5 Qxb5 16. Bxb5+ Kf8 17. f3 Ne8 18. Bd7 Rd8 19. Bc6 Ba6 {A novelty.}
(19... Bc8 20. Be3 f6 21. Nd3 Bd7 22. Bxd7 Rxd7 23. Ke2 Kf7 24. Rhc1 Nd6 25. a4
{with a stable edge for White, Timman-Karpov (Jakarta 1993) and
Khalifman-Tiviakov (Elista 1998) - see Krasenkow's survey in CBM 137}) 20. Nd7+
Kg8 21. Nb8 Bc4 22. Ba4 b5 23. Nc6 Rd7 24. Nxe7+ Rxe7 {White has an advantage
due to his pair of bishops and the pawn majority in the centre. However,
things are not so simple - the bishop on c4 is very strong.} 25. Rc1 f6 26. Kf2
Kf7 27. Rhd1 a6 (27... g5) 28. Rc3 (28. h4) 28... g5 29. Bg3 Ng7 30. Bd6 Rb7
31. Bc2 Rd8 32. Bc5 h5 33. Rb1 (33. a4 Rc8 34. axb5 axb5 35. Bb4 {with an edge
for White.}) 33... Rbd7 34. a4 (34. Ba4 $5 Bd5 $1 35. Bd1 (35. Bxb5 axb5 36.
exd5 Rxd5 37. Rxb5 Nf5) 35... Bc4 36. Ke3 Rc8 37. Bb3 Bxb3 38. Rbxb3 {with
something of an edge.}) 34... Rc8 35. axb5 axb5 {Now e6-e5 is inevitable.} 36.
Bb3 e5 37. Bxc4+ bxc4 38. Rxc4 Ne6 (38... Rdc7 39. Ra4 Ne6) 39. Rcc1 $2 (39.
Rc3 $1 Rdc7 40. Rbc1 Kg6 41. Ke3 {would have kept an extra pawn, but this
should be a draw - White cannot improve his position.}) 39... Nxd4 {Forcing a
draw. Black could obtain some initiative by} (39... exd4 40. Bb4 Rxc1 41. Rxc1
Rb7 42. Bd2 Rb2 43. Ke1 Ke7 {or}) (39... Nf4 40. Kf1 exd4 41. Bb4 Rxc1+ 42.
Rxc1 Nd3 43. Rc4 Ne5) 40. Bxd4 Rxc1 41. Rxc1 Rxd4 1/2-1/2